LEADER 01065nam--2200349---450- 001 990001888330203316 005 20050530175113.0 035 $a000188833 035 $aUSA01000188833 035 $a(ALEPH)000188833USA01 035 $a000188833 100 $a20040729d1948----km-y0itay0103----ba 101 0 $afre 102 $aFR 105 $a||||||||001yy 200 1 $a<> apogée de la science technique grecque$eles sciences de la nature et de l'homme$eles mathematiques d'Hippocrate a Platon$fpar Abel Rey 210 $aParis$cMichel$d1948 215 $aXVIII, 315 p.$d20 cm. 410 0$12001 454 1$12001 461 1$1001-------$12001 700 1$aREY,$bAbel$03772 801 0$aIT$bsalbc$gISBD 912 $a990001888330203316 951 $aII.1.A.196(IV B 99)$b10408 L.M.$cIV B 959 $aBK 969 $aUMA 979 $aSIAV8$b10$c20040729$lUSA01$h1559 979 $aCOPAT7$b90$c20050530$lUSA01$h1748 979 $aCOPAT7$b90$c20050530$lUSA01$h1751 996 $aApogée de la science technique grecque$9953865 997 $aUNISA LEADER 01162nam 2200325Ka 450 001 9910695793003321 005 20070315120851.0 035 $a(CKB)5470000002371847 035 $a(OCoLC)85865627 035 $a(EXLCZ)995470000002371847 100 $a20070315d2005 ua 0 101 0 $aeng 181 $ctxt$2rdacontent 182 $cc$2rdamedia 183 $acr$2rdacarrier 200 10$aFinancial management$b[electronic resource] $eDepartment of the Treasury payments for water and sewer services provided by the District of Columbia were made timely for the second quarter of fiscal year 2005 210 1$a[Washington, D.C.] :$cOffice of Inspector General, Dept. of the Treasury,$d[2005] 215 $ai, 5 pages $cdigital, PDF file 225 1 $aAttestation report ;$vOIG-05-023 300 $aTitle from title screen (viewed on Mar. 15, 2007). 300 $a"January 14, 2005." 517 $aFinancial management 606 $aWater utilities$zWashington (D.C.) 615 0$aWater utilities 801 0$bGPO 801 1$bGPO 906 $aBOOK 912 $a9910695793003321 996 $aFinancial Management$9424135 997 $aUNINA